The International library of famous literature / (Record no. 136675)

MARC details
000 -LEADER
fixed length control field 00558nam a2200193 4500
010 ## - LIBRARY OF CONGRESS CONTROL NUMBER
LC control number 969133
035 ## - SYSTEM CONTROL NUMBER
System control number 969133
037 ## - SOURCE OF ACQUISITION
Source of stock number/acquisition Cen Lib / Ret
040 ## - CATALOGING SOURCE
Original cataloging agency DPL
Language of cataloging EN
082 ## - DEWEY DECIMAL CLASSIFICATION NUMBER
Classification number 016.88
Item number GAR
245 ## - TITLE STATEMENT
Title The International library of famous literature /
Statement of responsibility, etc by Richard Garnett
260 ## - PUBLICATION, DISTRIBUTION, ETC. (IMPRINT)
Place of publication, distribution, etc London
Name of publisher, distributor, etc Edward Lloyd
270 ## - ADDRESS
Address Edward Lloyd
City London
300 ## - PHYSICAL DESCRIPTION
Extent 20 v . ; (v 10. xx 4386-4872)
Other physical details 24cm
650 ## - SUBJECT ADDED ENTRY--TOPICAL TERM
Topical term or geographic name as entry element Literature -- Collections.
650 ## - SUBJECT ADDED ENTRY--TOPICAL TERM
Topical term or geographic name as entry element Literature.
700 ## - ADDED ENTRY--PERSONAL NAME
Personal name Garnett, Richard
942 ## - ADDED ENTRY ELEMENTS (KOHA)
Source of classification or shelving scheme Dewey Decimal Classification
Koha item type English Books
Classification part 016.88
Call number suffix GAR
Holdings
Withdrawn status Lost status Source of classification or shelving scheme Materials specified (bound volume or other part) Damaged status Not for loan Home library Current library Date acquired Source of acquisition Total Checkouts Full call number Barcode Date last seen Copy number Price effective from Koha item type
    Dewey Decimal Classification v 10     Central Library Central Library 07/03/2016 Cen Lib/Ret   016.88 GAR 969133 07/03/2016 1 27/07/2016 English Books

© Delhi Public Library
Hit Counter
free hit counter